01067pam a2200289 i 4500999001500000001000800015003000600023005001700029008004100046010001700087020002400104040001800128042000900146050001700155082001600172100003100188245011700219260004700336300003000383490002000413520010600433600004200539600003300581906004500614942001200659952010600671 c5475d54753665080GBCCL20241126110543.0770308s1977 moua j 000 1 eng  a 77003550  a0570036127 :c$1.95 aDLCcDLCdDLC alcac00aPZ7.R164bRe00a813.54bRAN1 aRanger, Mary,d1934-9985910aRebellious Rebecca :ba tax collector's daughter finds her life changing after Christ's visit /cby Mary Ranger. aSt. Louis :bConcordia Pub. House,cc1977. a[56] p. :bill. ;c23 cm.0 aStarlight books aThe life of a notorious bully drastically changes after she and her family become followers of Jesus.00aJesus ChristxJuvenile fiction.9986001aJesus ChristxFiction.99104 a7bcbccorignewd1eocipf19gy-gencatlg 2ddccBK 00102ddc4070aGBCbGBCcGSd2018-03-22l0o813.54 RANp001118r2025-05-01 00:00:00w2018-03-22yBK